[Event "Let's Play Chess!"]
[Site "http://www.queenalice.com/game.php?id=98042"]
[Date "2006.8.21"]
[Round "-"]
[White "Lilrob87"]
[Black "Nostradamus"]
[Result "0-1"]
[WhiteElo "955"]
[BlackElo "1832"]

1. c4 c5 2. Nc3 Nf6 3. d3 Nc6 4. Nf3 g6 5. e4 d6 6. Be2 Bg7 7. O-O O-O 8. Be3 a6
9. b3 b5 10. cxb5 axb5 11. a4 Ng4 12. Bd2 b4 13. Nb5 Bxa1 14. Qxa1 Nf6 15. Bh6
Re8 16. Qc1 Bg4 17. Qe3 Bxf3 18. Qxf3 Qd7 19. Qg3 Nd4 20. Nxd4 cxd4 21. Rc1 Rec8
22. Rd1 Rc2 23. Bf1 Qg4 24. Qxg4 Nxg4 25. h3 Nxh6 26. g4 f6 27. h4 Nxg4 0-1

[Event "The King"]
[Site "http://www.queenalice.com/game.php?id=98058"]
[Date "2006.8.21"]
[Round "-"]
[White "Lilrob87"]
[Black "RickD"]
[Result "0-1"]
[WhiteElo "1100"]
[BlackElo "1098"]

1. f4 Nc6 2. Nf3 e6 3. e4 Nf6 4. d3 d5 5. c4 dxe4 6. Nc3 Nb4 7. Nd2 Bd7 8. dxe4
Bc6 9. Qb3 Bd6 10. Nf3 h6 11. a3 Na6 12. Na4 Nxe4 13. Be3 Nac5 14. Bxc5 Nxc5 15.
Nxc5 Bxc5 16. Rd1 Qf6 17. g3 a6 18. Qc2 Bxf3 19. Bg2 Bxd1 0-1

[Event "AUTO-OPEN-364"]
[Site "http://www.queenalice.com/game.php?id=98098"]
[Date "2006.8.21"]
[Round "1"]
[White "Lilrob87"]
[Black "gustavline"]
[Result "0-1"]
[WhiteElo "955"]
[BlackElo "1445"]

1. f4 d5 2. Nf3 Bg4 3. Ng1 Nf6 4. Nc3 Nc6 5. h3 Bf5 6. Nf3 e6 7. d3 Bb4 8. Bd2
d4 9. Na4 O-O 10. Bxb4 Nxb4 11. Nc5 b6 12. Nb7 Qd5 13. Qd2 Na6 0-1

[Event "AUTO-OPEN-364"]
[Site "http://www.queenalice.com/game.php?id=98100"]
[Date "2006.8.21"]
[Round "1"]
[White "Lilrob87"]
[Black "papalucas"]
[Result "0-1"]
[WhiteElo "1000"]
[BlackElo "1440"]

1. f4 c5 2. e4 Nf6 3. Nc3 d5 4. exd5 Nxd5 5. Nxd5 Qxd5 6. c4 Qd8 7. Ne2 e6 8. d3
Bd6 9. d4 O-O 10. Bd2 b6 11. Rc1 b5 12. cxb5 a6 13. Nc3 axb5 14. Nxb5 Rxa2 15.
Rb1 Be7 16. Qb3 Ra6 17. Na3 Qd6 18. Nb5 Qc6 19. Rc1 Qe4+ 20. Be2 Qxg2 21. Bf1
Qxh1 22. Qe3 Qxh2 23. Nc7 Bh4+ 24. Kd1 Ra2 25. dxc5 Rd8 0-1

[Event "AUTO-OPEN-364"]
[Site "http://www.queenalice.com/game.php?id=98101"]
[Date "2006.8.21"]
[Round "1"]
[White "papalucas"]
[Black "Lilrob87"]
[Result "1-0"]
[WhiteElo "1442"]
[BlackElo "1000"]

1. d4 d5 2. c3 Nf6 3. e3 Nc6 4. Nf3 e6 5. Bb5 Bd7 6. Bd3 Bd6 7. O-O Qe7 8. Qe1
O-O-O 9. Ng5 h6 10. Nh3 g6 11. f3 g5 12. b4 h5 13. a4 Rhg8 14. Qd1 g4 15. Nf2 g3
16. hxg3 Rxg3 17. Nh1 Rg7 18. c4 Rg5 19. Kf2 Nxb4 20. Nc3 dxc4 21. Bxc4 e5 22.
d5 c6 23. e4 Bc5+ 24. Ke1 Rxg2 25. Bb3 Bh3 26. f4 1-0